20 random characters by picture - One Piece - Statistics

General Stats
  • This quiz has been taken 62 times
  • The average score is 17 of 20
Answer Stats
Picture Answer % Correct
Arlong
100%
Basil Hawkins
100%
Bell-mère
100%
Bepo
100%
Blackbeard
100%
Capone Bege
100%
Charlotte Katakuri
100%
Charlotte Pudding
100%
Dadan
100%
Donquixote Doflamingo
100%
Donquixote Rosinante
100%
Dracule Mihawk
100%
Dr. Hiriluk
100%
Dr. Vegapunk
100%
Enel
100%
Eustass "Captain" Kid
100%
Franky
100%
Gol D. Roger
100%
Iceberg
100%
Inuarashi
100%
Ivankov
100%
Jinbe
100%
Kaidou
100%
Kaku
100%
Kaya
100%
Killer
100%
Kinemon
100%
Kokoro
100%
Kouzuki Oden
100%
Kurozomi Tama
100%
Marco
100%
Monkey D. Dragon
100%
Monkey D. Luffy
100%
Nami
100%
Nefertari D. Vivi
100%
Nekomamushi
100%
Neptune
100%
Nico Robin
100%
Pedro
100%
Pica
100%
Portgas D. Ace
100%
Rebecca
100%
Roronoa Zoro
100%
Sabo
100%
Scratchmen Apoo
100%
Shanks
100%
Shimotsuki Yasuie
100%
Shirahoshi
100%
Shiryu
100%
Smoker
100%
Tashigi
100%
Tom
100%
Tony Tony Chopper
100%
Trafalgar D. Water Law
100%
Trebol
100%
Vander Decken
100%
Vinsmoke Sanji
100%
Viola
100%
Yamato
100%
Sir Crocodile
92%
Kizaru
90%
Ulti
90%
Aokiji
89%
Bartholomew Kuma
89%
King
88%
Bellamy
86%
Charlotte Linlin
86%
Diamante
86%
Hatchan
86%
Kawamatsu
86%
Koby
86%
Monkey D. Garp
86%
Otohime
86%
Paulie
86%
Boa Hancock
83%
Brook
83%
Fujitora
83%
Helmeppo
83%
Jewelry Bonney
83%
Nefertari D. Cobra
83%
Perona
83%
Vinsmoke Niji
83%
Who's-Who
83%
Zeff
83%
Jack
82%
Kouzuki Toki
82%
Leo
82%
Akainu
80%
Ashura Doji
80%
Charlotte Perospero
80%
Gecko Moria
80%
Kikunojo
80%
Kurozomi Orochi
80%
Makino
80%
Page One
80%
Rob Lucci
80%
Usopp
80%
Vinsmoke Yonji
80%
Zephyr
80%
Koala
78%
Vergo
78%
Benn Beckman
75%
Black Maria
75%
Buggy
75%
Carrot
75%
Denjiro
75%
Fisher Tiger
75%
Hody Jones
75%
Kouzuki Hiyori
75%
Magellan
75%
Nico Olvia
75%
Nojiko
75%
Silvers Rayleigh
75%
Vinsmoke Ichiji
75%
Vinsmoke Judge
75%
Whitebeard
75%
Bon Clay
71%
Caesar Clown
71%
Toko
71%
Dr. Kureha
70%
Camie
67%
Fukaboshi
67%
Kurozomi Kanjuro
67%
Manboshi
67%
Yasopp
67%
Mansherry
63%
Raizo
60%
Ryuboshi
60%
Sengoku
60%
Senor Pink
60%
Vinsmoke Reiju
60%
Charlotte Cracker
57%
Crocus
50%
Heracles
50%
Izou
50%
Kuina
50%
Pekoms
50%
Queen
50%
Spandam
50%
Wanda
50%
Momonga
43%
Hyougoro
40%
Sentomaru
40%
Shishilian
38%
Kouzuki Sukiyaki
33%
X Drake
33%
Kouzuki Momonosuke
25%
Lucky Roux
25%
No matching quizzes found
Score Distribution
Percent of People with Each Score
Percentile by Number Answered
Your Score History
You have not taken this quiz